| 000 | 00804nam a2200277Mi 4500 | ||
|---|---|---|---|
| 001 | 86917 | ||
| 005 | 20230411090045.0 | ||
| 008 | 091116s2009 sp 000 0 spa d | ||
| 035 | _a(OCoLC)ocn466655582 | ||
| 040 |
_aC3L _cC3L |
||
| 020 | _a9788497888066 | ||
| 020 | _a8497888065 | ||
| 029 | 0 |
_aC3L _b60686170 |
|
| 035 | _a(OCoLC)466655582 | ||
| 049 | _aGRAL | ||
| 100 | 1 |
_aAira, Toni, _d1977- |
|
| 245 | 1 | 4 |
_aLos spin doctors : _bcómo mueven los hilos los asesores de los líderes políticos / _cToni Aira. |
| 260 |
_aBarcelona : _bUOC, _c2009. |
||
| 300 |
_a132 p. ; _c21 cm. |
||
| 490 | 1 |
_aManuales. Comunicación ; _v131 |
|
| 830 | 0 |
_aManuales. _pComunicación ; _v131. |
|
| 938 |
_aCasalini Libri _bCASA _n60686170 _c20.00 EUR |
||
| 942 |
_2lcc _cbk |
||
| 994 |
_aC0 _bDRFGD |
||
| 946 | _aJP | ||
| 999 |
_c111713 _d111713 |
||